Sex and violence : issues in representation and experience
Αποθηκεύτηκε σε:
| Άλλοι συγγραφείς: | , |
|---|---|
| Μορφή: | Βιβλίο |
| Γλώσσα: | English |
| Δημοσίευση: |
London :
Routledge,
c1994
|
| Θέματα: | |
| Ετικέτες: |
Προσθήκη ετικέτας
Δεν υπάρχουν, Καταχωρήστε ετικέτα πρώτοι!
|
MARC
| LEADER | 00000nam a2200000 i 4500 | ||
|---|---|---|---|
| 001 | 1/94428 | ||
| 008 | 991126s1994 eng d | ||
| 020 | |a 0-415-05734-5 | ||
| 035 | |l 10054804 | ||
| 040 | |a GR-MY-UA |b gre |e aacr | ||
| 041 | 0 | |a eng | |
| 082 | 0 | |a 305.42098 | |
| 245 | 1 | 0 | |a Sex and violence : |b issues in representation and experience / |c edited by Penelope Harvey and Peter Gow |
| 260 | |a London : |b Routledge, |c c1994 | ||
| 300 | |a 197 p. | ||
| 504 | |a Includes bibliographical references and index | ||
| 650 | 0 | 0 | |a Sex differences (Psychology) |
| 650 | 0 | 0 | |a Violence |x Sex differences. |
| 650 | 0 | 0 | |a Aggressiveness |x Sex Differences. |
| 650 | 0 | 0 | |a Feminist anthropology. |
| 700 | 1 | |a Harvey, Penelope |d 1956- |4 edt | |
| 700 | 1 | |a Gow, Peter. |4 edt | |
| 852 | |a INST |b LESVOS |e 19991126 |h 305.42098 SEX |p 005100022713 |q 005100022713 |t BK |y 0 | ||
| 901 | |a BIBL1-1999-3 | ||
| 909 | |a Λ |b 066935 | ||
| 922 | |a 1ΕΛΗ |b 199907 |c ΚΠΣ/ΤΚΑ |d ΠΑΠΑΣΩΤΗΡΙΟΥ | ||
| 950 | |a 117-1998-07-12 | ||
| 970 | |a ΤΖΑΦΕΡΗ |b ΕΥΑΓΓΕΛΙΑ |z 1999/12/02 | ||